[Event "Niedersachsen-ch op-C"]
[Site "Verden an der Aller"]
[Date "2020.01.02"]
[Round "1"]
[White "Heiseke, Gerhard"]
[Black "Kesselhut, Pascal"]
[Result "0-1"]
[WhiteElo "1399"]
[BlackElo "968"]
[PlyCount "72"]
[EventDate "2020.01.02"]
[EventType "swiss"]
[EventRounds "7"]
[EventCountry "GER"]
[SourceTitle "EXT 2023"]
[Source "ChessBase"]
[SourceDate "2022.10.05"]
[SourceVersion "1"]
[SourceVersionDate "2022.10.05"]
[SourceQuality "1"]

1. e4 d6 2. d4 Nf6 3. Nc3 Nbd7 4. Nf3 e5 5. Bc4 Be7 6. 0-0 c6 7. Ng5 0-0 8. Nf3 b5 9. Bb3 a5 10. a3 Ba6 11. Re1 Nb6 12. Bd2 b4 13. axb4 axb4 14. Na2 c5 15. dxc5 dxc5 16. c3 Qc7 17. cxb4 cxb4 18. Nxb4 Bb7 19. Rc1 Qb8 20. Bc2 Rd8 21. Qe2 Bxb4 22. Bxb4 Ng4 23. Bc3 Ba6 24. Bxe5 Nxe5 25. Qe3 Nbc4 26. Qc3 Nxf3+ 27. Qxf3 Ne5 28. Qf5 Bc8 29. Qh5 h6 30. b3 Bg4 31. Qh4 Rd2 32. f4 Qb6+ 33. Kh1 Bf3 34. Rg1 Bxg2+ 35. Rxg2 Nf3 36. Qxh6 Qxh6 0-1

[Event "Niedersachsen-ch op C"]
[Site "Verden"]
[Date "2019.01.05"]
[Round "6"]
[White "Heiseke, Gerhard"]
[Black "Rust Bulmahn, Kornelia"]
[Result "1-0"]
[WhiteElo "1164"]
[BlackElo "1026"]
[PlyCount "65"]
[EventDate "2019.01.03"]
[EventType "swiss"]
[EventRounds "7"]
[EventCountry "GER"]
[SourceTitle "EXT 2022"]
[Source "ChessBase"]
[SourceDate "2021.10.06"]
[SourceVersion "1"]
[SourceVersionDate "2021.10.06"]
[SourceQuality "1"]

1. e4 e6 2. d4 c5 3. Nf3 h6 4. Nc3 a6 5. d5 Be7 6. Be2 exd5 7. Nxd5 Nf6 8. Nxe7 Qxe7 9. e5 Nh7 10. Bd3 Ng5 11. Nxg5 hxg5 12. 0-0 Qxe5 13. Re1 Nc6 14. f4 Qxe1+ 15. Qxe1+ Ne7 16. fxg5 d6 17. g6 Be6 18. gxf7+ Bxf7 19. Bg5 0-0-0 20. Qxe7 Rhf8 21. Be4 d5 22. Bxd5 Bxd5 23. Qxc5+ Bc6 24. Bxd8 Rxd8 25. Re1 Kc7 26. Re7+ Rd7 27. Qe5+ Kb6 28. Rxd7 Bxd7 29. Qxg7 Bc6 30. h4 Bd5 31. a4 a5 32. h5 Be4 33. Qd4+ 1-0

[Event "Hannover Bezirks op"]
[Site "Hannover"]
[Date "2018.03.17"]
[Round "4.5"]
[White "Heiseke, Gerhard"]
[Black "Zucker, Stefan"]
[Result "0-1"]
[WhiteElo "1194"]
[BlackElo "1877"]
[PlyCount "104"]
[EventDate "2018.01.27"]
[EventType "swiss"]
[EventRounds "7"]
[EventCountry "GER"]
[SourceTitle "EXT 2022"]
[Source "ChessBase"]
[SourceDate "2021.10.06"]
[SourceVersion "1"]
[SourceVersionDate "2021.10.06"]
[SourceQuality "1"]

1. e4 e5 2. Nf3 Nc6 3. Bc4 Nf6 4. 0-0 Bc5 5. d3 d6 6. b4 Bxb4 7. c3 Bc5 8. d4 Bb6 9. Re1 Bg4 10. Qb3 Na5 11. Qa4+ Bd7 12. Qb4 Nxc4 13. Qxc4 h6 14. dxe5 Ng4 15. Re2 dxe5 16. h3 Be6 17. Qa4+ Bd7 18. Qc4 Nf6 19. Ba3 Be6 20. Qa4+ c6 21. Rd2 Nd7 22. Nxe5 Bxh3 23. Nxd7 Bxd7 24. c4 Qh4 25. Nc3 Bc7 26. Rad1 Bg4 27. f3 Qh2+ 28. Kf1 Be6 29. Qb4 Qh1+ 30. Kf2 Qh4+ 31. Kg1 Bb6+ 32. c5 Bc7 33. Qxb7 Qh2+ 34. Kf1 Bc4+ 35. Ne2 0-0 36. Kf2 Ba5 37. Rd7 Be6 38. R7d6 Rac8 39. Qxa7 Bd8 40. Qa6 Bh4+ 41. Ke3 Qxg2 42. Kd2 Qxf3 43. Nd4 Bg5+ 44. Kc2 Qxe4+ 45. Rd3 Bd5 46. Bc1 Ra8 47. Qb6 Rxa2+ 48. Bb2 Bc4 49. Nxc6 Bxd3+ 50. Rxd3 Qe2+ 51. Kb1 Rxb2+ 52. Qxb2 Qxd3+ 0-1

[Event "Niedersachsen-ch op C"]
[Site "Verden"]
[Date "2018.01.07"]
[Round "7"]
[White "Heiseke, Gerhard"]
[Black "Evering, Kira"]
[Result "0-1"]
[WhiteElo "1196"]
[BlackElo "1304"]
[PlyCount "58"]
[EventDate "2018.01.04"]
[EventType "swiss"]
[EventRounds "7"]
[EventCountry "GER"]
[SourceTitle "EXT 2022"]
[Source "ChessBase"]
[SourceDate "2021.10.06"]
[SourceVersion "1"]
[SourceVersionDate "2021.10.06"]
[SourceQuality "1"]

1. f4 Nf6 2. Nf3 g6 3. d4 Bg7 4. e3 0-0 5. Bd3 d6 6. 0-0 Nc6 7. c4 e5 8. fxe5 dxe5 9. dxe5 Ng4 10. Qc2 Ngxe5 11. Nxe5 Nxe5 12. Be4 c6 13. Nc3 Nxc4 14. b3 Ne5 15. Bb2 Qg5 16. Qf2 Ng4 17. Qf4 Qxf4 18. exf4 Bd4+ 19. Kh1 Nf2+ 20. Rxf2 Bxf2 21. Ne2 Re8 22. Bf3 Be6 23. g3 Rad8 24. Kg2 Bc5 25. Rc1 Be3 26. Rc3 Bb6 27. g4 Bd5 28. Ng1 Bxf3+ 29. Kxf3 Bxg1 0-1

[Event "Niedersachsen-ch op C"]
[Site "Verden"]
[Date "2018.01.05"]
[Round "4"]
[White "Heiseke, Gerhard"]
[Black "Rust Bulmahn, Kornelia"]
[Result "1-0"]
[WhiteElo "1196"]
[BlackElo "1005"]
[PlyCount "99"]
[EventDate "2018.01.04"]
[EventType "swiss"]
[EventRounds "7"]
[EventCountry "GER"]
[SourceTitle "EXT 2022"]
[Source "ChessBase"]
[SourceDate "2021.10.06"]
[SourceVersion "1"]
[SourceVersionDate "2021.10.06"]
[SourceQuality "1"]

1. f4 d5 2. e3 e6 3. Nf3 Nc6 4. d4 h6 5. c4 Nf6 6. cxd5 Qxd5 7. Nc3 Bb4 8. Bd3 Bxc3+ 9. bxc3 Ne4 10. Qc2 f5 11. Ba3 Qa5 12. Bb2 0-0 13. Bxe4 Bd7 14. Bd3 a6 15. 0-0 b5 16. Ne5 Nxe5 17. fxe5 Qb6 18. Kh1 Qb7 19. Rf2 Qb6 20. Raf1 c5 21. Bc1 c4 22. Be2 Qb7 23. Bf3 Bc6 24. Bxc6 Qxc6 25. Rf3 Qe4 26. Qd2 Rf7 27. Rf4 Qd3 28. Qxd3 cxd3 29. e4 g5 30. R4f3 Raa7 31. exf5 Rxf5 32. Rxf5 exf5 33. Rxf5 Rf7 34. g4 Rc7 35. Bd2 Rc4 36. e6 Rc7 37. d5 Re7 38. Rf3 Kg7 39. Rxd3 Kf8 40. h4 Rh7 41. h5 Rh8 42. d6 Ke8 43. Be3 Rf8 44. Kg2 Rg8 45. Bc5 Kd8 46. d7 Kc7 47. e7 Rd8 48. Bb6+ Kxb6 49. exd8Q+ Kc5 50. Qa5 1-0

[Event "Hannover Bezirk-ch A"]
[Site "Lehrte"]
[Date "2017.10.29"]
[Round "4.7"]
[White "Heiseke, Gerhard"]
[Black "Wengorsch, Fenja"]
[Result "1-0"]
[WhiteElo "1218"]
[BlackElo "1053"]
[PlyCount "71"]
[EventDate "2017.10.??"]
[EventType "swiss"]
[EventRounds "7"]
[EventCountry "GER"]
[SourceTitle "EXT 2022"]
[Source "ChessBase"]
[SourceDate "2021.10.06"]
[SourceVersion "1"]
[SourceVersionDate "2021.10.06"]
[SourceQuality "1"]

1. f4 f5 2. Nf3 Nf6 3. d4 e6 4. e3 d5 5. b3 a6 6. c4 c6 7. c5 g6 8. Nc3 Bg7 9. Bd3 Nbd7 10. 0-0 0-0 11. Ne5 Nxe5 12. fxe5 Nd7 13. Ne2 Re8 14. Nf4 Qh4 15. g3 Qd8 16. Bd2 b5 17. b4 Qg5 18. Rf2 Nf8 19. Be2 Bd7 20. g4 h5 21. h3 Bh6 22. Kh2 hxg4 23. hxg4 Qh4+ 24. Kg1 Kf7 25. Rh2 Qg5 26. Bf3 Bg7 27. Nh3 Qe7 28. gxf5 gxf5 29. Bh5+ Ng6 30. Nf4 Kg8 31. Bxg6 Rec8 32. Qh5 Kf8 33. Bxf5 Be8 34. Nxe6+ Kg8 35. Qh7+ Kf7 36. Qxg7# 1-0

[Event "Hannover Bezirks op"]
[Site "Hannover"]
[Date "2017.05.20"]
[Round "7.14"]
[White "Piotrowski, Jan"]
[Black "Heiseke, Gerhard"]
[Result "1-0"]
[WhiteElo "1475"]
[BlackElo "1255"]
[PlyCount "79"]
[EventDate "2017.01.21"]
[EventType "swiss"]
[EventRounds "7"]
[EventCountry "GER"]
[SourceTitle "EXT 2022"]
[Source "ChessBase"]
[SourceDate "2021.10.06"]
[SourceVersion "1"]
[SourceVersionDate "2021.10.06"]
[SourceQuality "1"]

1. e4 d5 2. exd5 Nf6 3. d4 Bg4 4. Be2 Bxe2 5. Qxe2 Qxd5 6. Nf3 Nc6 7. c3 e6 8. 0-0 Qd7 9. Bf4 Bd6 10. Bxd6 Qxd6 11. Nbd2 h6 12. Nc4 Qd5 13. Rfe1 g5 14. h3 h5 15. Ne3 Qa5 16. Nc4 Qb5 17. Nd6+ cxd6 18. Qxb5 0-0-0 19. Nxg5 a6 20. Qd3 Rdf8 21. Ne4 Ne8 22. a3 d5 23. Nc5 Nc7 24. a4 b6 25. Nxa6 Kb7 26. Nxc7 Kxc7 27. b4 Ra8 28. Qg3+ Kb7 29. b5 Ne7 30. Qd6 Rhe8 31. Qb4 Ra5 32. c4 Nf5 33. cxd5 Rd8 34. dxe6 Rxd4 35. Qxd4 Nxd4 36. e7 Ra8 37. e8Q Rxe8 38. Rxe8 f5 39. Rae1 f4 40. R1e7# 1-0

[Event "Hannover Ihme Cup"]
[Site "Hannover"]
[Date "2017.04.30"]
[Round "5.29"]
[White "Heiseke, Gerhard"]
[Black "Piotrowski, Jan"]
[Result "1-0"]
[WhiteElo "1251"]
[BlackElo "1475"]
[PlyCount "105"]
[EventDate "2017.04.28"]
[EventType "swiss"]
[EventRounds "5"]
[EventCountry "GER"]
[SourceTitle "EXT 2022"]
[Source "ChessBase"]
[SourceDate "2021.10.06"]
[SourceVersion "1"]
[SourceVersionDate "2021.10.06"]
[SourceQuality "1"]

1. e4 e5 2. Nf3 Nc6 3. Bc4 Bc5 4. b4 Bxb4 5. c3 Bc5 6. d4 exd4 7. cxd4 Bb4+ 8. Nbd2 Bxd2+ 9. Qxd2 f6 10. 0-0 d6 11. Qc3 Nge7 12. Qb3 Na5 13. Bf7+ Kf8 14. Qb5 c6 15. Qh5 Ng8 16. a4 Qe7 17. Bg6 Bg4 18. Qxg4 hxg6 19. Qxg6 Nb3 20. Rb1 Nxc1 21. Rbxc1 Qf7 22. Qg3 Rd8 23. e5 dxe5 24. dxe5 Rh6 25. Rfe1 Rg6 26. Qf4 Re8 27. Rcd1 Qc7 28. Qf5 Ne7 29. Qh5 Rd8 30. Qh8+ Ng8 31. Rxd8+ Qxd8 32. Qh5 Rh6 33. Qf5 Rh8 34. Ng5 Qe8 35. e6 Ne7 36. Qf3 Kg8 37. Nf7 Rh7 38. Rd1 Nd5 39. Qf5 Qe7 40. Re1 g6 41. Qxg6+ Rg7 42. Qh5 Rh7 43. Qg4+ Kf8 44. f4 Rg7 45. Qh3 Nxf4 46. Qh8+ Rg8 47. Qh6+ Rg7 48. Qxf4 Qc5+ 49. Qf2 Qa5 50. e7+ Ke8 51. Nd6+ Kd7 52. e8Q+ Kxd6 53. Qf8+ 1-0

[Event "Hannover Ihme Cup"]
[Site "Hannover"]
[Date "2017.04.29"]
[Round "3.26"]
[White "Heiseke, Gerhard"]
[Black "Pubantz, Richard"]
[Result "0-1"]
[WhiteElo "1251"]
[BlackElo "1641"]
[PlyCount "102"]
[EventDate "2017.04.28"]
[EventType "swiss"]
[EventRounds "5"]
[EventCountry "GER"]
[SourceTitle "EXT 2022"]
[Source "ChessBase"]
[SourceDate "2021.10.06"]
[SourceVersion "1"]
[SourceVersionDate "2021.10.06"]
[SourceQuality "1"]

1. e4 g6 2. d4 Bg7 3. Nf3 d6 4. Nc3 a6 5. a4 b6 6. b3 Nd7 7. Bb2 e6 8. Rb1 Ne7 9. Be2 Bb7 10. d5 e5 11. Qd3 0-0 12. 0-0 f5 13. exf5 Nxf5 14. Ne4 Nf6 15. c4 Nxe4 16. Qxe4 Rc8 17. Bc1 h6 18. h3 c5 19. Nh2 Qh4 20. Bg4 Qf6 21. Bb2 Rc7 22. Qe2 Bc8 23. Rfe1 Re7 24. f4 Nd4 25. Bxd4 cxd4 26. fxe5 Rxe5 27. Qd1 Qe7 28. Bxc8 Rxc8 29. Qd2 Re8 30. Rxe5 dxe5 31. Ng4 Kh7 32. Nf2 e4 33. Nh1 Qc5 34. Kh2 Qd6+ 35. Kg1 Qc5 36. Kh2 Be5+ 37. g3 Rf8 38. Qc2 Qd6 39. Kg2 e3 40. Qd3 Qf6 41. Qe2 Qf5 42. Rf1 Qe4+ 43. Rf3 Rxf3 44. Qxf3 Qc2+ 45. Kf1 Qxb3 46. Qf7+ Bg7 47. d6 Qb1+ 48. Ke2 Qc2+ 49. Ke1 d3 50. Qf3 d2+ 51. Kf1 d1Q+ 0-1

[Event "Hannover Ihme Cup"]
[Site "Hannover"]
[Date "2017.04.29"]
[Round "2.28"]
[White "Richter, Thilo"]
[Black "Heiseke, Gerhard"]
[Result "1-0"]
[WhiteElo "1587"]
[BlackElo "1251"]
[PlyCount "65"]
[EventDate "2017.04.28"]
[EventType "swiss"]
[EventRounds "5"]
[EventCountry "GER"]
[SourceTitle "EXT 2022"]
[Source "ChessBase"]
[SourceDate "2021.10.06"]
[SourceVersion "1"]
[SourceVersionDate "2021.10.06"]
[SourceQuality "1"]

1. d4 Nf6 2. c4 c6 3. Nc3 d5 4. cxd5 cxd5 5. Bg5 e6 6. Nf3 Be7 7. e3 a6 8. Bd3 Nc6 9. a3 b5 10. Qc2 g6 11. Nxb5 Bd7 12. Bxf6 0-0 13. Bxe7 Qxe7 14. Nc3 Qd6 15. 0-0 Kh8 16. b4 f6 17. Na4 Ne7 18. Nc5 Bc8 19. Rfc1 e5 20. dxe5 fxe5 21. Qb2 Nc6 22. b5 Rb8 23. a4 Kg8 24. e4 d4 25. Qa2+ Kg7 26. bxc6 Qxc6 27. Nxa6 Qxa6 28. Bxa6 Bxa6 29. Nxe5 Rfe8 30. Qf7+ Kh6 31. Qf4+ Kg7 32. Rc7+ Kh8 33. Qf6+ 1-0

[Event "Daehne Cup Region 15/16 VII Rest"]
[Site "Hannover"]
[Date "2016.07.21"]
[Round "4"]
[White "Fenge, Hilmar"]
[Black "Heiseke, Gerhard"]
[Result "0-1"]
[WhiteElo "1008"]
[BlackElo "1200"]
[PlyCount "64"]
[EventDate "2016.07.??"]
[EventType "swiss"]
[EventCountry "GER"]
[SourceTitle "EXT 2022"]
[Source "ChessBase"]
[SourceDate "2021.10.06"]
[SourceVersion "1"]
[SourceVersionDate "2021.10.06"]
[SourceQuality "1"]

1. d4 f5 2. c4 Nf6 3. Nc3 e6 4. Bg5 Be7 5. Nf3 d6 6. e3 h6 7. Bh4 g5 8. Bg3 Nc6 9. h3 d5 10. Ne5 Bd7 11. a3 h5 12. h4 g4 13. Nb5 a6 14. Ng6 axb5 15. Nxh8 bxc4 16. Qc1 Ne4 17. Be2 Nxg3 18. fxg3 Bd6 19. Kf2 Qf6 20. Qc3 Qxh8 21. b3 Rxa3 22. Rxa3 Bxa3 23. bxc4 Bb4 24. Qa1 Qf6 25. Qa2 b6 26. cxd5 Na5 27. dxe6 Bxe6 28. d5 Bd7 29. Rc1 Bd6 30. Bd3 Qe5 31. Bc4 Qxg3+ 32. Kg1 Qxe3+ 0-1

[Event "Hannover Region-ch"]
[Site "Hannover"]
[Date "2016.04.02"]
[Round "6"]
[White "Heiseke, Gerhard"]
[Black "Glaschak, Joachim"]
[Result "0-1"]
[WhiteElo "1270"]
[BlackElo "1573"]
[PlyCount "86"]
[EventDate "2016.01.16"]
[EventType "swiss"]
[EventRounds "7"]
[EventCountry "GER"]
[SourceTitle "EXT 2020"]
[Source "ChessBase"]
[SourceDate "2019.10.17"]
[SourceVersion "1"]
[SourceVersionDate "2019.10.17"]
[SourceQuality "1"]

1. e4 c6 2. d4 d5 3. e5 Bf5 4. Nf3 h6 5. Bd3 Bxd3 6. Qxd3 e6 7. Nc3 Nd7 8. h3 c5 9. Be3 Qb6 10. 0-0 cxd4 11. Bxd4 Bc5 12. Na4 Qc7 13. Bxc5 Nxc5 14. Nxc5 Qxc5 15. a4 Ne7 16. Qa3 Qc7 17. Rfe1 0-0 18. Nd4 a6 19. b3 Ng6 20. Nf3 Qxc2 21. Rac1 Qd3 22. Rc7 Nf4 23. Rxb7 Nxh3+ 24. gxh3 Qxf3 25. Re3 Qd1+ 26. Kg2 Rfc8 27. Qe7 Rf8 28. Rf3 Qc2 29. Kh2 Qg6 30. Qh4 Qg5 31. Qd4 Qh5 32. Rg3 g5 33. h4 Kh8 34. Kh3 a5 35. Qc5 Qxh4+ 36. Kg2 Qe4+ 37. Kh2 Qxe5 38. Qc6 Rac8 39. Qa6 h5 40. Qf1 h4 41. Qh3 Rc2 42. Kg2 Qe4+ 43. Rf3 Rc3 0-1

[Event "Hannover Region-ch"]
[Site "Hannover"]
[Date "2016.02.13"]
[Round "4"]
[White "Heiseke, Gerhard"]
[Black "Azizi, Siar"]
[Result "0-1"]
[WhiteElo "1270"]
[BlackElo "1121"]
[PlyCount "138"]
[EventDate "2016.01.16"]
[EventType "swiss"]
[EventRounds "7"]
[EventCountry "GER"]
[SourceTitle "EXT 2020"]
[Source "ChessBase"]
[SourceDate "2019.10.17"]
[SourceVersion "1"]
[SourceVersionDate "2019.10.17"]
[SourceQuality "1"]

1. e4 e6 2. d4 d5 3. e5 c5 4. c3 Qb6 5. Nf3 Nh6 6. Bxh6 gxh6 7. b3 Nc6 8. a4 cxd4 9. cxd4 Bb4+ 10. Nbd2 Nxd4 11. Nxd4 Qxd4 12. Bb5+ Bd7 13. Bxd7+ Kxd7 14. Ra2 Qxe5+ 15. Kf1 Rhg8 16. Nc4 Qg5 17. g3 h5 18. Re2 Bd6 19. Qe1 Rac8 20. Ne5+ Bxe5 21. Rxe5 Rc1 22. Rxg5 Rxe1+ 23. Kxe1 Rxg5 24. Ke2 Rg4 25. Rd1 h4 26. f3 Rb4 27. Rd3 hxg3 28. hxg3 d4 29. f4 Kd6 30. Kf3 Kd5 31. g4 h6 32. g5 hxg5 33. fxg5 Ke5 34. Kg4 Kd6 35. Kf4 b5 36. axb5 Rxb5 37. Rxd4+ Ke7 38. Rd3 Rf5+ 39. Kg4 f6 40. gxf6+ Kxf6 41. b4 Rf1 42. Ra3 Rg1+ 43. Kf4 Rg7 44. b5 Rb7 45. Ke4 Rd7 46. Rf3+ Ke7 47. Ra3 Kd6 48. Ra6+ Kc5 49. Rxe6 Kxb5 50. Re5+ Kb4 51. Ke3 a5 52. Re6 a4 53. Rb6+ Kc3 54. Rc6+ Kb2 55. Rb6+ Ka2 56. Ke4 a3 57. Ke3 Rd1 58. Ke2 Rb1 59. Ra6 Rb3 60. Rd6 Kb2 61. Rd2+ Kc3 62. Ke3 Kb4+ 63. Ke4 Rc3 64. Ra2 Kb3 65. Kd4 Rc2 66. Ra1 Kb2 67. Kd3 Rc3+ 68. Kd2 Kxa1 69. Kxc3 Kb1 0-1

[Event "Niedersachsen-ch op-C"]
[Site "Verden"]
[Date "2016.01.03"]
[Round "2"]
[White "Heiseke, Gerhard"]
[Black "Schweda, Finn Lukas"]
[Result "0-1"]
[WhiteElo "1217"]
[BlackElo "1334"]
[PlyCount "84"]
[EventDate "2016.01.03"]
[EventType "swiss"]
[EventRounds "7"]
[EventCountry "GER"]
[SourceTitle "EXT 2018"]
[Source "ChessBase"]
[SourceDate "2017.10.13"]
[SourceVersion "1"]
[SourceVersionDate "2017.10.13"]
[SourceQuality "1"]

1. d4 f5 2. Bf4 d5 3. Nf3 Nf6 4. Nbd2 e6 5. e3 Bd6 6. Ne5 Nbd7 7. Ndf3 0-0 8. Ng5 Nxe5 9. dxe5 Bxe5 10. Bxe5 Ng4 11. Nf3 c6 12. h3 Nxe5 13. Nxe5 Qf6 14. f4 Qh4+ 15. Kd2 d4 16. Nf3 Qf2+ 17. Kc1 Qxe3+ 18. Qd2 Qxd2+ 19. Kxd2 c5 20. Bc4 h6 21. Rae1 Re8 22. Ne5 b6 23. Ng6 Kf7 24. Nh4 Kf6 25. g4 Bb7 26. Rhg1 Be4 27. Bd3 Bxd3 28. Kxd3 g5 29. fxg5+ hxg5 30. Nf3 e5 31. Ke2 e4 32. Nd2 f4 33. Nc4 f3+ 34. Kf2 Rad8 35. Rh1 b5 36. Na5 Ke5 37. Nc6+ Kf4 38. Rxe4+ Rxe4 39. Nxd8 Re2+ 40. Kf1 Ke3 41. h4 Rxc2 42. Kg1 d3 0-1

[Event "Daehne Cup Region 15/16 I"]
[Site "Gehrden"]
[Date "2015.09.21"]
[Round "1"]
[White "Goretzki, Juergen Johann"]
[Black "Heiseke, Gerhard"]
[Result "0-1"]
[WhiteElo "1200"]
[BlackElo "1171"]
[PlyCount "58"]
[EventDate "2015.09.25"]
[EventType "k.o."]
[EventCountry "GER"]
[SourceTitle "EXT 2022"]
[Source "ChessBase"]
[SourceDate "2021.10.06"]
[SourceVersion "1"]
[SourceVersionDate "2021.10.06"]
[SourceQuality "1"]

1. d4 d5 2. Nf3 f5 3. Bf4 e6 4. Nbd2 Nf6 5. e3 Nc6 6. c3 Bd6 7. Bg3 g6 8. Bb5 Bd7 9. Bxd6 cxd6 10. b4 Ne4 11. Rc1 e5 12. Bxc6 bxc6 13. dxe5 Nxd2 14. Qxd2 Qe7 15. Qd4 0-0 16. exd6 Qe6 17. Qc5 f4 18. 0-0 fxe3 19. Rce1 exf2+ 20. Rxf2 Qf6 21. Ne5 Qe6 22. Rfe2 Rf6 23. Nxd7 Qxd7 24. Re7 Qxd6 25. Rxa7 Rxa7 26. Qxa7 Rf7 27. Qa6 Kg7 28. a4 Qf4 29. Qxc6 Qf2+ 0-1

[Event "Niedersachsen-ch op-B"]
[Site "Verden"]
[Date "2015.01.05"]
[Round "7"]
[White "Kuschnerus, Tessa"]
[Black "Heiseke, Gerhard"]
[Result "1-0"]
[WhiteElo "1334"]
[BlackElo "1267"]
[PlyCount "57"]
[EventDate "2015.01.02"]
[EventType "swiss"]
[EventRounds "7"]
[EventCountry "GER"]
[SourceTitle "EXT 2018"]
[Source "ChessBase"]
[SourceDate "2017.10.13"]
[SourceVersion "1"]
[SourceVersionDate "2017.10.13"]
[SourceQuality "1"]

1. e4 d5 2. e5 c5 3. c3 c4 4. d4 cxd3 5. Bxd3 e6 6. Nf3 b6 7. 0-0 Bc5 8. Bf4 a5 9. Nbd2 Ba6 10. Nb3 Bxd3 11. Qxd3 Ne7 12. Nbd4 Ng6 13. Bg3 0-0 14. h3 Qc7 15. Rae1 Be7 16. Nh2 Nd7 17. f4 Rfe8 18. Ng4 Bh4 19. Bxh4 Nxh4 20. Qg3 Ng6 21. h4 h5 22. Nh2 Qd8 23. Nhf3 Nc5 24. Ng5 Ne7 25. f5 exf5 26. Nxf5 g6 27. Nh6+ Kg7 28. Rxf7+ Kh8 29. Rh7# 1-0

[Event "Niedersachsen-ch op-B"]
[Site "Verden"]
[Date "2015.01.04"]
[Round "6"]
[White "Heiseke, Gerhard"]
[Black "Reichelt, Sven"]
[Result "1-0"]
[WhiteElo "1267"]
[BlackElo "998"]
[PlyCount "63"]
[EventDate "2015.01.02"]
[EventType "swiss"]
[EventRounds "7"]
[EventCountry "GER"]
[SourceTitle "EXT 2018"]
[Source "ChessBase"]
[SourceDate "2017.10.13"]
[SourceVersion "1"]
[SourceVersionDate "2017.10.13"]
[SourceQuality "1"]

1. d4 e6 2. Bf4 Nf6 3. e3 b6 4. Nf3 Bb7 5. Nbd2 Be7 6. Bd3 0-0 7. c3 d6 8. Qc2 h6 9. h3 Nbd7 10. g4 e5 11. Bg3 exd4 12. cxd4 c5 13. Rh2 Rc8 14. Qa4 a5 15. Nh4 Bc6 16. Qd1 Re8 17. Nf5 g6 18. Nxh6+ Kg7 19. g5 Nd5 20. h4 cxd4 21. e4 Nb4 22. Bc4 d5 23. exd5 Bxd5 24. Bxd5 Nxd5 25. Kf1 Nc5 26. Nf3 Bd6 27. Qxd4+ f6 28. Qxd5 Qe7 29. Bxd6 Qe2+ 30. Kg2 Ne6 31. Re1 Nf4+ 32. Bxf4 1-0